000 00441nam a2200157Ia 4500
008 210210b2004 xxu||||| |||| 00| 0 eng d
020 _a81 260 1196 3
082 _a820.108 GOKG
100 _aGOKAK (Vinayak Krishna), Ed.
245 _aGolden treasury of Indo-anglian poetry 1828-1965.
260 _aN D
_bSahitya Akademi
_c2004
300 _a360
650 _aIndo-Anglican Poetry
690 _aIndian English Poetry
906 _aSG04692
999 _c115532
_d115532